000 00520 a2200205 4500
005 20260209164108.0
008 260209b |||||||| |||| 00| 0 eng d
020 _a9788119684106
_cRs. 1895.00
040 _aMAIN
082 _a660
_bS23I
100 _aSharma, D K
245 _aIndustrial chemistry
260 _bBook Enclave
_c2025
_aJaipur
300 _avii, 244
650 _aChemical Engineering
650 _aChemistry-Industrial
700 _aKhan, Iftikhar Ahmad
700 _aKant, Ravi
942 _cBK
999 _c394469
_d394469